Normal view MARC view
  • Ahmad Khalil Jumat

Entry Personal Name

Number of records used in: 1

001 - CONTROL NUMBER

  • control field: 51069

003 - CONTROL NUMBER IDENTIFIER

  • control field: NUST

005 - DATE AND TIME OF LATEST TRANSACTION

  • control field: 20210314134910.0

008 - FIXED-LENGTH DATA ELEMENTS

  • fixed length control field: 210314|| aca||aabn | a|a d

040 ## - CATALOGING SOURCE

  • Original cataloging agency: NUST
  • Transcribing agency: NUST

100 ## - HEADING--PERSONAL NAME

  • Personal name: Ahmad Khalil Jumat

670 ## - SOURCE DATA FOUND

  • Source citation: Work cat.: (NUST): Ahmad Khalil Jumat, رسول اللہ صلی اللہ علیہ والہ وسلم کے جرنیل صحابہرضی اللہ عنہ , 2009.
© 2023 Central Library, National University of Sciences and Technology. All Rights Reserved.